000 00515pam a2200169 a 4500
020 _a0442264011
082 0 0 _a624.18341
_bHSU
_cL-19, P-91
100 1 _aHsu, Thomas T. C.
_940927
245 1 0 _aTorsion of reinforced concrete /
_cThomas T.C. Hsu.
260 _aNew York :
_bVan Nostrand Reinhold,
_cc1984.
300 _axxii, 516 p. :
_bill. ;
_c24 cm.
526 _a0
_b0
_c0
_d624_183410000000000_HSU
650 0 _aMCE
_9379
650 0 _aReinforced concrete.
_940928
650 0 _aTorsion.
_940929
942 _2ddc
_cBK
999 _c547018
_d547018